000 00685nam a2200265Ia 4500
005 20260121172208.0
008 008 260114s9999 xx 000 0 eng d
020 _a9783030628031
037 _aEBOOK
040 _aCRL
040 _beng
040 _cCRL
041 _2eng
041 _aeng
084 _qCRL
100 _aDavid Kreps, Taro Komukai, T. V. Gopal, Kaori Ishii
_91085457
245 0 _aHuman-Centric Computing in a Data-Driven Society
260 _bSpringer
260 _bSpringer
260 _c2020
856 _uhttps://link.springer.com/openurl?genre=book&isbn=978-3-030-62803-1
942 _cEBOOK
999 _c1651194
_d1651194